000 00870nam a2200217 a 4500
001 74145
003 BD-RjUL
005 20211209082512.0
008 180307s1972 bg ||||| |||| 00| 0 ben d
035 _a(BD-RjUL)74363
040 _aBD-RjUL
_bben
_cBD-RjUL
_dBD-RjUL
041 _aben
082 _223
_a891.4416
_bSAS 1972
100 0 _aসৈয়দ, আবদুল মান্নান
_9220439
245 1 _aশুদ্ধতম কবি /
_cআবদুল মান্নান সৈয়দ
260 _aঢাকা :
_bনলেজ হোম,
_c১৯৭২
300 _a১২৭ পৃ. ;
_b২২ সেমি.
600 _aজসিমউদ্দিন
_y১৯০৪-১৯৭৬
_xসমালোচনা ও ব্যাখ্যা।
_9220440
600 _aJasīmauddīna,
_y1904-1976
_xCriticism and interpretation.
_9220441
942 _2ddc
_cBK
999 _c74145
_d74145